| 000 | 00504nam a22001577a 4500 | ||
|---|---|---|---|
| 008 | 230628b |||||||| |||| 00| 0 eng d | ||
| 040 |
_aNational Science Library _cNational Science Library |
||
| 080 |
_a06.013(035) _bN6 |
||
| 100 | _aSrivastava, Gopinath | ||
| 245 | _aकार्यालयी अनुवद निदेशिका | ||
| 246 | _aKaryalayee anuvad nideshika | ||
| 260 |
_aNew Delhi: _bSamyaik Prakashan, _c1996 |
||
| 300 | _a142p. | ||
| 650 | _aLiterature | ||
| 942 |
_2udc _cHBK |
||
| 999 |
_c48065 _d48065 |
||